In der Mitte des Grauens und in der Mitte des Naturgedichts
| Titel: | In der Mitte des Grauens und in der Mitte des Naturgedichts / Karol Sauerland |
|---|---|
| Verfasser: | |
| In: |
Zeit aus Schweigen, (2009), Seite 369-379 alle Artikel anzeigen |
| Veröffentlicht: | 2009 |
| Format: | Aufsatz |
| Sprache: | Deutsch |
X
alg: 22356706 001A $04504:26-05-10 001B $01999:26-05-10 $t23:23:39.000 001C $04504:26-05-10 $t13:14:21.000 001D $04504:26-05-10 001U $0utf8 001X $00 002@ $0Aou 003@ $022356706X 007A $022356706X $aHEB 010@ $ager 011@ $a2009 021A $aIn der Mitte des Grauens und in der Mitte des Naturgedichts $hKarol Sauerland 028A $7123637015 $8Sauerland, Karol$Z1936- [Tp1] $9103725458 031A $h369-379 $j2009 039B $aIn $8--Aau--. Zeit aus Schweigen. - München : Meidenbauer, 2009. - 451 S.. - Ill., graph. Darst., Kt., Notenbeisp.. - ISBN 978-3-89975-119-2 $x200900000000000631 $9219917744 044K $#Bobrowsky, Johannes $#Bobrovskis, Johanesas $#Bobrovskij, Iogannes $#Bobrowski, Johannes Konrad Bernhard $#Bobṛuvskī, Johannis $#בוברובסקי, יוהאנס $7118512161 $8Bobrowski, Johannes$Z1917-1965 [Tp1] $9093003943 044K $RLyrik $RNatur $#Nature Poetry $#Naturgedicht $74171323-0 $8Naturlyrik [Ts1] $908578818X 045V $aBobrowski, Johannes $818.14.00$jZu einzelnen Autoren [Tkx] $911884380X lok: 22356706 62 exp: 22356706 62 1 #EPN 201B/01 $026-05-10 $t22:56:38.000 203@/01 $0593369270 208@/01 $a26-05-10 $be 209A/01 $a/ $f000 $x00 209B/01 $a2010 $x05 247C/01 $8Frankfurt, Bibliographie der Deutschen Sprach- und Literaturwissenschaft $9113214561 201U/01 $0utf8 lok: 22356706 78 exp: 22356706 78 1 #EPN 201B/01 $008-11-19 $t11:35:56.000 201C/01 $008-11-19 201U/01 $0utf8 203@/01 $01068079142 208@/01 $a08-11-19 $be 209A/01 $a/ $f000 $x00 209A/01 $ab*p $x01 220C/01 $apgar 244Z/01 $#Preußen $#Preußen $#Brandenburg-Preußen $#Königreich Preußen $#Preußische Staaten $#Preußischer Staat $#Der @Preußische Staat $#Königlich Preußische Staaten $#Prusy Królewskie $#Königlich Preußen $#Prussia $74047194-9 $8--Tg1--Preußen $x01 $9085131652 247C/01 $82080>Marburg/Lahn, Herder-Institut, Forschungsbibliothek, Bibliographieportal $9336309341
| LEADER | 00000caa a2200000 c 4500 | ||
|---|---|---|---|
| 001 | 22356706X | ||
| 003 | DE-603 | ||
| 005 | 20100526232339.0 | ||
| 007 | tu | ||
| 008 | 100526s2009 xx |||| | u00||u|ger c | ||
| 035 | |a (DE-599)HEB22356706X | ||
| 040 | |a DE-603 |b ger |c DE-603 |d DE-603 | ||
| 041 | |a ger | ||
| 100 | 1 | |a Sauerland, Karol |d 1936- |0 (DE-603)103725458 |0 (DE-588)123637015 |2 gnd | |
| 245 | 0 | 0 | |a In der Mitte des Grauens und in der Mitte des Naturgedichts |c Karol Sauerland |
| 264 | 0 | |c 2009 | |
| 600 | 1 | 7 | |a Bobrowski, Johannes |d 1917-1965 |0 (DE-588)118512161 |0 (DE-603)093003943 |2 gnd |
| 650 | 7 | |a Naturlyrik |0 (DE-588)4171323-0 |0 (DE-603)08578818X |2 gnd | |
| 773 | 0 | 8 | |i In |t Zeit aus Schweigen |d München : Meidenbauer, 2009 |h 451 S., Ill., graph. Darst., Kt., Notenbeisp. |z 9783899751192 |g (2009), Seite 369-379 |w (DE-603)219917744 |
| 924 | 0 | |9 603 |a (DE-603)593369270 |b DE-603 |c HES |d d | |
| 924 | 0 | |9 2080 |a (DE-603)1068079142 |b DE-2080 |c HES |d d |g / | |


